[Event "25. Copenhagen Open  (Politiken Cup)"]
[Site "Copenhagen"]
[Date "2003.07.25"]
[Round "11"]
[White "Pettersson, Daniel"]
[Black "De Andres Gonalons, Fernando"]
[Result "1/2-1/2"]
[WhiteElo "1850"]
[BlackElo "2112"]
[PlyCount "119"]
[EventDate "2003.07.14"]
[EventType "swiss"]
[EventRounds "11"]
[EventCountry "DEN"]
[SourceDate "2004.01.01"]

1. d4 d5 2. Nf3 c5 3. e3 e6 4. c4 dxc4 5. Bxc4 Nf6 6. O-O a6 7. dxc5 Qxd1 8.
Rxd1 Bxc5 9. Nc3 Nc6 10. a3 b5 11. Bd3 Bb7 12. b4 Ba7 13. Ne4 Ke7 14. Bb2 Rhd8
15. Nxf6 gxf6 16. Bxh7 Rh8 17. Be4 e5 18. Rac1 Rac8 19. Rd2 Nd8 20. Rxc8 Bxc8
21. Rc2 Ne6 22. Bf5 Rd8 23. h4 Rd1+ 24. Kh2 Bd7 25. Rc1 Rd6 26. h5 Bc6 27. Nxe5
fxe5 28. Bxe5 Rd5 29. h6 Nf8 30. Rxc6 Rxe5 31. Rc7+ Kf6 32. g4 Bb8 33. Rc8 Re8+
34. Kg2 Rxc8 35. Bxc8 Ne6 36. Bxa6 Nc7 37. g5+ Kg6 38. Bb7 Ne8 39. Be4+ f5 40.
Bc6 Nd6 41. f4 Nc4 42. Kf3 Ba7 43. Bxb5 Nxe3 44. Bd3 Nd5 45. b5 Ne7 46. a4 Bb6
47. Bc4 Bc7 48. Ke3 Bb6+ 49. Kd3 Bc7 50. Ke3 Bb6+ 51. Kd3 Bc7 52. Kd4 Bxf4 53.
a5 Bxg5 54. a6 Bh4 55. Kc5 Nc8 56. Kc6 Bf2 57. Kc7 Nb6 58. a7 f4 59. Kb7 Kxh6
60. a8=Q 1/2-1/2

[Event "25. Copenhagen Open  (Politiken Cup)"]
[Site "Copenhagen"]
[Date "2003.07.25"]
[Round "11"]
[White "Poulsen, Morten Kjaer"]
[Black "Andreasen, Jakup a Rogvi"]
[Result "1-0"]
[WhiteElo "2079"]
[BlackElo "1784"]
[PlyCount "113"]
[EventDate "2003.07.14"]
[EventType "swiss"]
[EventRounds "11"]
[EventCountry "DEN"]
[SourceDate "2004.01.01"]

1. e4 c5 2. Nf3 Nc6 3. d4 cxd4 4. Nxd4 e5 5. Nb5 d6 6. N1c3 a6 7. Na3 b5 8. Nd5
Nge7 9. c4 Nd4 10. Nxe7 Bxe7 11. Nc2 Bg4 12. Qd2 Bg5 13. Qc3 Nxc2+ 14. Qxc2 Rc8
15. b3 O-O 16. Bd3 Bxc1 17. Rxc1 Qg5 18. Qd2 Qg6 19. cxb5 axb5 20. Rxc8 Rxc8
21. f3 Bd7 22. O-O Qf6 23. Be2 Kf8 24. Rd1 Be8 25. Kf1 Ke7 26. Qa5 Bc6 27. Kg1
Bd7 28. Qa7 b4 29. Bb5 Qe6 30. Bc4 Rxc4 31. bxc4 Qxc4 32. Qb6 Qc5+ 33. Qxc5
dxc5 34. Rd5 c4 35. Rxe5+ Kd6 36. Rd5+ Kc6 37. Kf2 Be6 38. Ra5 c3 39. Ke2 Kb6
40. Ra8 Bc4+ 41. Kd1 Bf1 42. Rb8+ Kc5 43. Rb7 Bc4 44. Ra7 Kd4 45. Ra4 Kc5 46.
Kc2 Kb5 47. Ra8 Bf1 48. Ra7 Kb6 49. Rxf7 Bc4 50. Rxg7 Bxa2 51. Rxh7 Kc5 52. e5
Kc4 53. Rh4+ Kb5 54. Re4 Ka4 55. e6 Ka3 56. e7 b3+ 57. Kxc3 1-0

[Event "25. Copenhagen Open  (Politiken Cup)"]
[Site "Copenhagen"]
[Date "2003.07.25"]
[Round "11"]
[White "Preuss, Flemming"]
[Black "Hartvig, Ove Weiss"]
[Result "0-1"]
[WhiteElo "2083"]
[BlackElo "2295"]
[PlyCount "58"]
[EventDate "2003.07.14"]
[EventType "swiss"]
[EventRounds "11"]
[EventCountry "DEN"]
[SourceDate "2004.01.01"]

1. e4 d5 2. exd5 Nf6 3. Bb5+ Bd7 4. Bc4 Bg4 5. f3 Bc8 6. Nc3 Nbd7 7. Nge2 Nb6
8. d3 Nfxd5 9. Bb3 g6 10. O-O Bg7 11. Bd2 O-O 12. Ng3 e5 13. a4 Be6 14. a5 Nxc3
15. bxc3 Nd5 16. Ne4 Qe7 17. Qe1 Nf4 18. c4 c5 19. Qf2 b6 20. Kh1 f5 21. Nc3 e4
22. Qe3 Nh5 23. fxe4 f4 24. Qf3 Qh4 25. Ne2 Bxa1 26. c3 Bg4 27. Qf2 Ng3+ 28.
Nxg3 fxg3 29. Rxa1 Qxh2# 0-1

[Event "25. Copenhagen Open  (Politiken Cup)"]
[Site "Copenhagen"]
[Date "2003.07.25"]
[Round "11"]
[White "Rasmussen, Peter Nybo"]
[Black "Liden, Jimmy"]
[Result "0-1"]
[WhiteElo "1692"]
[BlackElo "1530"]
[PlyCount "68"]
[EventDate "2003.07.14"]
[EventType "swiss"]
[EventRounds "11"]
[EventCountry "DEN"]
[SourceDate "2004.01.01"]

1. d4 Nf6 2. c4 e6 3. Nc3 c6 4. e4 Bb4 5. e5 Ne4 6. Qc2 d5 7. Bd3 f5 8. Nf3 O-O
9. O-O Bd7 10. a3 Bxc3 11. bxc3 Be8 12. a4 Bh5 13. Bxe4 fxe4 14. Ng5 Qe8 15.
cxd5 cxd5 16. Nh3 Qg6 17. Nf4 Qf7 18. Nxh5 Qxh5 19. c4 Nc6 20. Qc3 Rac8 21. c5
Rf7 22. a5 a6 23. Qd2 Qg6 24. Ra3 Rf5 25. Rg3 Qf7 26. Ra3 Rf8 27. Ra2 Qg6 28.
Qb2 R8f7 29. Be3 Rf3 30. Kh1 Rxe3 31. Qd2 Rd3 32. Qc2 Nxd4 33. Qa4 Nc6 34. Qc2
Nb4 0-1

[Event "25. Copenhagen Open  (Politiken Cup)"]
[Site "Copenhagen"]
[Date "2003.07.25"]
[Round "11"]
[White "Rasmussen, Poul"]
[Black "Jensen, Benjamin Lau"]
[Result "0-1"]
[WhiteElo "1498"]
[BlackElo "1699"]
[PlyCount "100"]
[EventDate "2003.07.14"]
[EventType "swiss"]
[EventRounds "11"]
[EventCountry "DEN"]
[SourceDate "2004.01.01"]

1. e4 c5 2. Nf3 e6 3. d4 cxd4 4. Nxd4 Nc6 5. Nc3 a6 6. Be2 Qc7 7. O-O b5 8. Bf3
Bb7 9. Nxc6 Bxc6 10. Re1 Bd6 11. e5 Bxe5 12. h3 Bxf3 13. Qxf3 Rc8 14. Nd1 Ne7
15. c3 O-O 16. Ne3 Qc6 17. Qh5 Bb8 18. Ng4 Ng6 19. Ne3 d5 20. Bd2 Nf4 21. Qf3
Nd3 22. Reb1 Ne5 23. Qe2 Qd6 24. Nf1 Nc6 25. a4 Qe5 26. Qxe5 Bxe5 27. axb5 axb5
28. Ra6 d4 29. cxd4 Nxd4 30. Ne3 Ra8 31. Rba1 Rxa6 32. Rxa6 h5 33. Kf1 Nb3 34.
Bc3 Bxc3 35. bxc3 Rc8 36. Rb6 Rxc3 37. Rxb5 Nd4 38. Rb1 Rc5 39. Rd1 e5 40. g4
g6 41. gxh5 gxh5 42. Kg2 f5 43. f4 exf4 44. Rxd4 fxe3 45. Kf3 Re5 46. Ke2 Kg7
47. h4 Kf6 48. Rf4 Re4 49. Rxe4 fxe4 50. Kxe3 Kf5 0-1

[Event "25. Copenhagen Open  (Politiken Cup)"]
[Site "Copenhagen"]
[Date "2003.07.25"]
[Round "11"]
[White "Rendboe, John Filip"]
[Black "Helin, Mikael"]
[Result "1-0"]
[WhiteElo "2239"]
[BlackElo "1971"]
[PlyCount "117"]
[EventDate "2003.07.14"]
[EventType "swiss"]
[EventRounds "11"]
[EventCountry "DEN"]
[SourceDate "2004.01.01"]

1. c4 g6 2. Nc3 d6 3. d4 Bg7 4. e4 Nc6 5. Be3 e5 6. d5 Nce7 7. c5 f5 8. f3 Nf6
9. Bb5+ Kf7 10. Nh3 h6 11. cxd6 cxd6 12. Qd2 f4 13. Bg1 g5 14. Nf2 Ng6 15.
O-O-O a6 16. Be2 b5 17. Nd3 Qa5 18. a3 Bd7 19. Kb1 Rhb8 20. Nb4 Ne7 21. h4 Qc7
22. hxg5 hxg5 23. Nc6 b4 24. Nxb4 Qa5 25. Bf2 Rb7 26. Rc1 Rab8 27. Rc2 Ne8 28.
Bc4 Rxb4 29. axb4 Qxb4 30. Bd3 a5 31. Rhc1 Nc8 32. Na2 Qb7 33. Qxa5 Nb6 34.
Bxb6 Qxb6 35. Qxb6 Rxb6 36. b4 Bf6 37. Kb2 Bd8 38. Rc3 Rb8 39. b5 Bb6 40. Rb3
Ke7 41. Nb4 Bd4+ 42. Ka2 Kf6 43. Nc6 Rc8 44. b6 Ra8+ 45. Ra3 Rxa3+ 46. Kxa3
Bxb6 47. Nb8 Ke7 48. Nxd7 Kxd7 49. Bb5+ Kd8 50. Bxe8 Kxe8 51. Rc6 Bd4 52. Ka4
Ke7 53. Kb5 Kd7 54. Rc1 Bf2 55. Rh1 Bc5 56. Rh7+ Ke8 57. Kc6 Ba3 58. Rd7 Bb2
59. Kxd6 1-0

[Event "25. Copenhagen Open  (Politiken Cup)"]
[Site "Copenhagen"]
[Date "2003.07.25"]
[Round "11"]
[White "Riis, Jens"]
[Black "Richards, Heather"]
[Result "1/2-1/2"]
[WhiteElo "2067"]
[BlackElo "2233"]
[PlyCount "107"]
[EventDate "2003.07.14"]
[EventType "swiss"]
[EventRounds "11"]
[EventCountry "DEN"]
[SourceDate "2004.01.01"]

1. d4 e6 2. Nf3 Nf6 3. Bf4 c5 4. c3 b6 5. e3 Bb7 6. Bd3 Be7 7. h3 cxd4 8. cxd4
Nc6 9. O-O Nb4 10. Be2 Nfd5 11. Bh2 Rc8 12. Na3 a6 13. Nc4 d6 14. a3 Nc6 15. e4
Nf6 16. d5 exd5 17. exd5 Nb8 18. Ne3 O-O 19. Nd4 g6 20. Bf3 b5 21. Qd2 Re8 22.
Rac1 Bf8 23. Rxc8 Qxc8 24. Rc1 Qd8 25. Qb4 Qb6 26. Rd1 Nbd7 27. Nc6 Ne5 28.
Nxe5 dxe5 29. Qh4 e4 30. Be2 Bd6 31. Bf4 Nd7 32. Rc1 Be5 33. Bxe5 Rxe5 34. Qf4
f5 35. Rd1 Qd6 36. g4 Qf6 37. gxf5 gxf5 38. Kh1 Kf8 39. Rg1 Bxd5 40. Rg5 Be6
41. Ng4 fxg4 42. Qxf6+ Nxf6 43. Rxe5 Kf7 44. hxg4 Nxg4 45. Bxg4 Bxg4 46. Rc5 h5
47. Rc6 a5 48. Rc7+ Ke6 49. Rb7 Be2 50. Ra7 a4 51. Rc7 Kd5 52. Rc3 Ke5 53. Kh2
Kf4 54. Rc5 1/2-1/2

[Event "25. Copenhagen Open  (Politiken Cup)"]
[Site "Copenhagen"]
[Date "2003.07.25"]
[Round "11"]
[White "Rosenkilde, Alexander"]
[Black "Olsen, Miriam Frida"]
[Result "0-1"]
[WhiteElo "1699"]
[BlackElo "2036"]
[PlyCount "78"]
[EventDate "2003.07.14"]
[EventType "swiss"]
[EventRounds "11"]
[EventCountry "DEN"]
[SourceDate "2004.01.01"]

1. d4 Nf6 2. c4 e6 3. Nf3 b6 4. Nc3 Bb7 5. Bg5 h6 6. Bh4 Bb4 7. e3 g5 8. Bg3
Ne4 9. Qc2 Bxc3+ 10. bxc3 d6 11. Bd3 f5 12. Rg1 Qf6 13. Nd2 Nxd2 14. Qxd2 Nd7
15. f3 O-O-O 16. a4 a5 17. Rb1 e5 18. Bf2 Rde8 19. Kd1 Rhf8 20. Rf1 h5 21. g3
Bxf3+ 22. Kc2 Bg2 23. Rg1 Bc6 24. Kb3 Qf7 25. Ka3 Qe7 26. Qd1 Qf7 27. Qd2 Bb7
28. Rb2 g4 29. Rgb1 f4 30. exf4 exf4 31. gxf4 Qxf4 32. Qxf4 Rxf4 33. Bg6 Ref8
34. Bg3 Rf3 35. Kb3 Nf6 36. Re1 Rg8 37. Bb1 Kd7 38. Rbe2 Rg7 39. Re6 d5 0-1

[Event "25. Copenhagen Open  (Politiken Cup)"]
[Site "Copenhagen"]
[Date "2003.07.25"]
[Round "11"]
[White "Royset, Paal"]
[Black "Jorgensen, Dennis"]
[Result "1-0"]
[WhiteElo "2252"]
[BlackElo "2104"]
[PlyCount "159"]
[EventDate "2003.07.14"]
[EventType "swiss"]
[EventRounds "11"]
[EventCountry "DEN"]
[SourceDate "2004.01.01"]

1. e4 c6 2. c4 d5 3. exd5 cxd5 4. d4 Nf6 5. Nc3 e6 6. Bg5 Be7 7. Nf3 O-O 8. Rc1
Nc6 9. c5 Ne4 10. Bxe7 Qxe7 11. Bb5 Ng5 12. Bxc6 Nxf3+ 13. Qxf3 bxc6 14. O-O
Ba6 15. Rfe1 Rab8 16. b3 Qh4 17. Qe3 Qh5 18. Qd2 Rfe8 19. Re5 Qg6 20. Re3 Qh6
21. Nb1 Re7 22. Rce1 Rbe8 23. Qa5 Bc8 24. Nd2 Qf4 25. Nf3 f6 26. g3 Qc7 27. Qc3
g5 28. h3 h5 29. Kg2 Kg7 30. b4 g4 31. hxg4 hxg4 32. Nh4 e5 33. a4 a6 34. Qc2
e4 35. Kg1 f5 36. Ng2 Kf6 37. Nf4 Rd8 38. Rb3 Rh7 39. Reb1 Qd7 40. Qa2 Kg5 41.
Kf1 Re8 42. Ng2 Rh2 43. Qd2+ Kf6 44. Qf4 Qg7 45. Qe3 Reh8 46. Nf4 Rh1+ 47. Ke2
Qb7 48. Ng2 Qc7 49. Qf4 Qxf4 50. Nxf4 Bb7 51. Ke3 R8h6 52. b5 Ke7 53. Rxh1 Rxh1
54. bxa6 Bxa6 55. Rb6 Bc4 56. Ng6+ Kd8 57. Kf4 Rf1 58. Ke5 Kc7 59. Nh4 Rxf2 60.
Nxf5 Rf3 61. Nd6 Rb3 62. Rxb3 Bxb3 63. Nf5 Bxa4 64. Ne3 Kd7 65. Kf6 Ke8 66.
Nxg4 Kf8 67. Ne3 Bb5 68. g4 Ba6 69. g5 Bc8 70. g6 Bh3 71. g7+ Kg8 72. Kg6 Bd7
73. Ng2 Bg4 74. Kh6 Be6 75. Kg6 Bd7 76. Kf6 Bh3 77. Nf4 e3 78. Ng6 Be6 79. Kxe6
e2 80. Kf6 1-0

[Event "25. Copenhagen Open  (Politiken Cup)"]
[Site "Copenhagen"]
[Date "2003.07.25"]
[Round "11"]
[White "Sandbech, Ted"]
[Black "Trarup, Jorgen"]
[Result "0-1"]
[WhiteElo "1660"]
[BlackElo "1360"]
[PlyCount "44"]
[EventDate "2003.07.14"]
[EventType "swiss"]
[EventRounds "11"]
[EventCountry "DEN"]
[SourceDate "2004.01.01"]

1. Nf3 d5 2. d4 Bf5 3. c4 e6 4. Nc3 Nf6 5. Bg5 Nc6 6. Ne5 Be7 7. Qa4 O-O 8.
Nxc6 bxc6 9. Qxc6 Rb8 10. Bc1 Bb4 11. f3 Rb6 12. Qa4 dxc4 13. e4 Bxe4 14. fxe4
Nxe4 15. Qc2 Qxd4 16. a3 Ba5 17. Bd2 Rd8 18. Nxe4 Rxb2 19. Qxc4 Bxd2+ 20. Kd1
Be3+ 21. Qxd4 Rxd4+ 22. Bd3 Rxd3+ 0-1

[Event "25. Copenhagen Open  (Politiken Cup)"]
[Site "Copenhagen"]
[Date "2003.07.25"]
[Round "11"]
[White "Sander, Rolf"]
[Black "Romsdal, Trond"]
[Result "0-1"]
[WhiteElo "2060"]
[BlackElo "2207"]
[PlyCount "70"]
[EventDate "2003.07.14"]
[EventType "swiss"]
[EventRounds "11"]
[EventCountry "DEN"]
[SourceDate "2004.01.01"]

1. e4 c5 2. Nf3 e6 3. d4 cxd4 4. Nxd4 a6 5. Bd3 Nc6 6. Nxc6 bxc6 7. O-O d5 8.
c4 Nf6 9. cxd5 cxd5 10. exd5 Nxd5 11. Be4 Bd6 12. Qh5 Bb7 13. Bg5 Qb8 14. Nd2
h6 15. Nc4 Bxh2+ 16. Kh1 Bf4 17. Bxd5 Bxd5 18. Bxf4 Qxf4 19. Nb6 Rd8 20. Rad1
g6 21. Qe2 O-O 22. Nxd5 exd5 23. Qxa6 d4 24. Qc4 Rfe8 25. Rd3 Re5 26. Rh3 Qd2
27. Rf3 Re7 28. Qb3 d3 29. Re3 Red7 30. Qc3 Qc2 31. Kh2 Rc8 32. Qb3 Qxb3 33.
axb3 d2 34. Rd1 Rc1 35. Re8+ Kg7 0-1

[Event "25. Copenhagen Open  (Politiken Cup)"]
[Site "Copenhagen"]
[Date "2003.07.25"]
[Round "11"]
[White "Schandorff, Lars"]
[Black "Kongsted, Halfdan Christian"]
[Result "1-0"]
[WhiteElo "2525"]
[BlackElo "2246"]
[PlyCount "83"]
[EventDate "2003.07.14"]
[EventType "swiss"]
[EventRounds "11"]
[EventCountry "DEN"]
[SourceDate "2004.01.01"]

1. d4 Nf6 2. c4 e6 3. Nf3 b6 4. g3 Bb7 5. Bg2 Be7 6. O-O O-O 7. Re1 Na6 8. Ne5
d5 9. cxd5 exd5 10. Nc3 c5 11. dxc5 Nxc5 12. Be3 Nfe4 13. Rc1 Rc8 14. Bh3 f5
15. Nxe4 Nxe4 16. Qb3 Qd6 17. Nd3 Qf6 18. Nf4 Qf7 19. Red1 Nc5 20. Bxc5 Bxc5
21. Bg2 Rfd8 22. Bxd5 Bxd5 23. Nxd5 Kf8 24. Rc3 Rd6 25. Rcd3 Rcd8 26. Qc4 R6d7
27. b4 Be7 28. Qc6 Rd6 29. Nxe7 Rxd3 30. Rxd3 Rxd3 31. exd3 Kxe7 32. Qc4 Qh5
33. Qc7+ Kf6 34. Qxa7 Qd1+ 35. Kg2 Qxd3 36. Qxb6+ Kf7 37. Qb7+ Kf6 38. Qc6+ Kf7
39. b5 g5 40. b6 h5 41. Qf3 Qb5 42. Qb3+ 1-0

[Event "25. Copenhagen Open  (Politiken Cup)"]
[Site "Copenhagen"]
[Date "2003.07.25"]
[Round "11"]
[White "Schmidt, Horst Hubert"]
[Black "Johansen, Anders Sten"]
[Result "1-0"]
[WhiteElo "1870"]
[BlackElo "1590"]
[PlyCount "159"]
[EventDate "2003.07.14"]
[EventType "swiss"]
[EventRounds "11"]
[EventCountry "DEN"]
[SourceDate "2004.01.01"]

1. e4 c5 2. c3 d5 3. exd5 Qxd5 4. d4 Nc6 5. Nf3 Bg4 6. Be2 Nf6 7. O-O e6 8. Na3
cxd4 9. Nb5 Rc8 10. Nbxd4 Nxd4 11. cxd4 a6 12. Bf4 Be7 13. Qa4+ Qd7 14. Qb3 Qd5
15. Qe3 O-O 16. b3 Qa5 17. Ne5 Bxe2 18. Qxe2 Nd5 19. Bd2 Bb4 20. Nc4 Qd8 21.
Bxb4 Nxb4 22. Qd2 Nd5 23. Rac1 Qd7 24. h4 Rfd8 25. h5 h6 26. Rfe1 Nf6 27. Nb6
Rxc1 28. Nxd7 Rxe1+ 29. Qxe1 Rxd7 30. Qc3 Kf8 31. Qc5+ Ke8 32. f3 Nd5 33. Qc8+
Ke7 34. Qg8 Kf6 35. g3 Ne7 36. Qb8 Nc6 37. Qf4+ Ke7 38. Qg4 Kf8 39. Qe4 Nxd4
40. g4 Nc6 41. Qe3 Rd5 42. Qb6 Rd7 43. a4 f6 44. b4 e5 45. b5 axb5 46. axb5 Nd4
47. Kg2 Kf7 48. Qc5 Ke6 49. b6 Kf7 50. Qc7 Ke7 51. Qc4 Kf8 52. Kg3 Ke7 53. f4
exf4+ 54. Kxf4 Nc6 55. Kf5 Ne5 56. Qe6+ Kf8 57. Ke4 Re7 58. Qc8+ Kf7 59. Kf5
Rd7 60. Qc5 Re7 61. Qd6 Rd7 62. Qe6+ Kf8 63. g5 hxg5 64. h6 gxh6 65. Qa2 Kg7
66. Qe6 Rf7 67. Qd6 h5 68. Ke6 h4 69. Qd1 Kg6 70. Qh1 Kh5 71. Kf5 g4 72. Qd1 h3
73. Qe2 Kh4 74. Qf2+ Kh5 75. Qg3 Rf8 76. Qc3 Rf7 77. Qc8 Kh4 78. Kf4 Kh5 79.
Qg8 Kh6 80. Kf5 1-0

[Event "25. Copenhagen Open  (Politiken Cup)"]
[Site "Copenhagen"]
[Date "2003.07.25"]
[Round "11"]
[White "Schmied, Andreas"]
[Black "Petersen, Lars"]
[Result "1/2-1/2"]
[WhiteElo "2124"]
[BlackElo "2047"]
[PlyCount "106"]
[EventDate "2003.07.14"]
[EventType "swiss"]
[EventRounds "11"]
[EventCountry "DEN"]
[SourceDate "2004.01.01"]

1. d4 d5 2. c4 e6 3. Nc3 Nf6 4. Bg5 c6 5. e3 Nbd7 6. Nf3 Be7 7. Rc1 O-O 8. Bd3
a6 9. a4 dxc4 10. Bxc4 b5 11. axb5 cxb5 12. Bd3 Bb7 13. O-O h6 14. Bxf6 Nxf6
15. Ne5 Rc8 16. Qe2 Qd6 17. Ng4 Qc6 18. Nxf6+ Bxf6 19. Be4 Qb6 20. Bxb7 Qxb7
21. f4 Rfd8 22. Na2 Rxc1 23. Rxc1 Rc8 24. Qd2 Rc7 25. Rxc7 Qxc7 26. Qc3 Qb7 27.
Nb4 Be7 28. Qc6 Qxc6 29. Nxc6 Bd6 30. Kf1 Kf8 31. Ke2 Ke8 32. Kd3 Kd7 33. Na5
Bb4 34. Nb3 f5 35. Nc1 Kc6 36. Ne2 Be1 37. Ng1 Kd5 38. Nf3 Ba5 39. Ne5 Bc7 40.
Ng6 Bd6 41. h3 h5 42. Nh8 a5 43. Nf7 Be7 44. Ne5 a4 45. Nd7 a3 46. bxa3 Bxa3
47. Kc3 Ke4 48. Nc5+ Kd5 49. Nb3 Be7 50. Kd3 h4 51. Na5 Bd8 52. Nb3 Be7 53. Na5
Bd8 1/2-1/2

[Event "25. Copenhagen Open  (Politiken Cup)"]
[Site "Copenhagen"]
[Date "2003.07.25"]
[Round "11"]
[White "Schuetzhold, Frank"]
[Black "Simonsen, Hans Kristian"]
[Result "0-1"]
[WhiteElo "2063"]
[BlackElo "2233"]
[PlyCount "140"]
[EventDate "2003.07.14"]
[EventType "swiss"]
[EventRounds "11"]
[EventCountry "DEN"]
[SourceDate "2004.01.01"]

1. b3 Nf6 2. Bb2 g6 3. e4 d6 4. g3 Bg7 5. Bg2 O-O 6. Ne2 c5 7. c4 Nc6 8. O-O
Bd7 9. d4 cxd4 10. Nxd4 Rc8 11. Nxc6 Bxc6 12. Re1 Qa5 13. Bc3 Qd8 14. Bb2 Qa5
15. Bc3 Qa6 16. e5 dxe5 17. Bxc6 Qxc6 18. Bxe5 Rfd8 19. Qe2 a6 20. Nc3 e6 21.
Rad1 h5 22. h4 Ng4 23. Bxg7 Kxg7 24. Ne4 Qc7 25. Ng5 Qc5 26. Qf3 Qe7 27. Qc3+
Qf6 28. Qxf6+ Kxf6 29. f3 Ne5 30. Kf1 Rxd1 31. Rxd1 Ke7 32. Ke2 Nc6 33. Ne4 e5
34. Ke3 Nd4 35. Nc3 b5 36. Nd5+ Ke6 37. Rc1 Nf5+ 38. Kf2 Rc5 39. Ne3 Nxe3 40.
Kxe3 bxc4 41. bxc4 Ra5 42. c5 Ra3+ 43. Ke2 Rxa2+ 44. Kd3 Ra3+ 45. Kc4 Ra4+ 46.
Kb3 Rd4 47. c6 Rd8 48. c7 Rc8 49. Rc6+ Kd5 50. Rxa6 Rxc7 51. Rf6 Kd4 52. Kb2
Kd3 53. Rd6+ Ke3 54. Rf6 Kf2 55. g4 Kg3 56. gxh5 gxh5 57. Rf5 Kxh4 58. Rxe5 Kg3
59. Rxh5 Kxf3 60. Rf5+ Ke4 61. Rf6 Ke5 62. Rf1 f5 63. Re1+ Kd4 64. Re8 f4 65.
Rf8 Ke3 66. Re8+ Kf2 67. Rf8 f3 68. Re8 Kf1 69. Rf8 f2 70. Re8 Rg7 0-1

[Event "25. Copenhagen Open  (Politiken Cup)"]
[Site "Copenhagen"]
[Date "2003.07.25"]
[Round "11"]
[White "Semcesen, Daniel"]
[Black "Nilssen, John Arni"]
[Result "0-1"]
[WhiteElo "2234"]
[BlackElo "2382"]
[PlyCount "88"]
[EventDate "2003.07.14"]
[EventType "swiss"]
[EventRounds "11"]
[EventCountry "DEN"]
[SourceDate "2004.01.01"]

1. e4 g6 2. d4 Nf6 3. e5 Nh5 4. Nf3 d6 5. exd6 cxd6 6. c4 Bg7 7. Nc3 O-O 8. Be2
e5 9. O-O Nc6 10. Be3 Nf4 11. d5 Nxe2+ 12. Nxe2 e4 13. Nfd4 Ne5 14. Qc2 Qh4 15.
Bf4 Nf3+ 16. gxf3 exf3 17. Bg3 Qf6 18. Rfe1 fxe2 19. Nxe2 Bf5 20. Qc3 Qg5 21.
Qb3 Rfe8 22. Nf4 h5 23. h4 Qf6 24. Qxb7 Qxb2 25. Qxb2 Bxb2 26. Rad1 Rec8 27.
Nd3 Ba3 28. c5 dxc5 29. Ne5 c4 30. Nc6 c3 31. Ne7+ Bxe7 32. Rxe7 c2 33. Rc1 Rc5
34. d6 Rd5 35. f3 Rc8 36. Kf2 Rd1 37. Bf4 Rc4 38. Re8+ Kg7 39. Be5+ f6 40. Bb2
Rxd6 41. Re7+ Kg8 42. Rce1 Rd7 43. Re8+ Kf7 44. Rb8 Re7 0-1

[Event "25. Copenhagen Open  (Politiken Cup)"]
[Site "Copenhagen"]
[Date "2003.07.25"]
[Round "11"]
[White "Skaanning Pedersen, Kim Henrik"]
[Black "Jakobsen, Ole"]
[Result "0-1"]
[WhiteElo "2187"]
[BlackElo "2381"]
[PlyCount "46"]
[EventDate "2003.07.14"]
[EventType "swiss"]
[EventRounds "11"]
[EventCountry "DEN"]
[SourceDate "2004.01.01"]

1. e4 c5 2. c3 e6 3. d4 d5 4. exd5 exd5 5. Nf3 Nc6 6. Be3 c4 7. b3 cxb3 8. axb3
Nf6 9. Bd3 Be7 10. h3 Ne4 11. O-O O-O 12. Qc1 Bf5 13. Bxe4 Bxe4 14. Ne5 Na5 15.
Nd2 f6 16. b4 fxe5 17. Rxa5 Bd3 18. Re1 e4 19. Qa3 a6 20. Qa2 Bb5 21. Nxe4 Bc4
22. Qc2 dxe4 23. Qxe4 b5 0-1

[Event "25. Copenhagen Open  (Politiken Cup)"]
[Site "Copenhagen"]
[Date "2003.07.25"]
[Round "11"]
[White "Skovgaard, Peter Nicolai"]
[Black "Madsen, Gert Medom"]
[Result "0-1"]
[WhiteElo "2038"]
[BlackElo "1734"]
[PlyCount "52"]
[EventDate "2003.07.14"]
[EventType "swiss"]
[EventRounds "11"]
[EventCountry "DEN"]
[SourceDate "2004.01.01"]

1. e4 c5 2. Nf3 Nc6 3. Nc3 d6 4. d4 cxd4 5. Nxd4 Nf6 6. f3 Nxd4 7. Qxd4 g6 8.
Be3 Bg7 9. Qd2 Bd7 10. Bc4 O-O 11. O-O-O Rc8 12. Bb3 a5 13. g4 b5 14. Bh6 a4
15. Bxg7 Kxg7 16. h4 axb3 17. h5 bxa2 18. Nxa2 Ra8 19. hxg6 Rxa2 20. Qh6+ Kg8
21. g5 Ra1+ 22. Kd2 Rxd1+ 23. Kxd1 fxg6 24. gxf6 Rf7 25. Qf4 e5 26. Qd2 Qxf6
0-1

[Event "25. Copenhagen Open  (Politiken Cup)"]
[Site "Copenhagen"]
[Date "2003.07.25"]
[Round "11"]
[White "Solleveld, Maarten"]
[Black "Gullaksen, Eirik T"]
[Result "1-0"]
[WhiteElo "2458"]
[BlackElo "2359"]
[PlyCount "109"]
[EventDate "2003.07.14"]
[EventType "swiss"]
[EventRounds "11"]
[EventCountry "DEN"]
[SourceDate "2004.01.01"]

1. e4 c5 2. Nf3 Nc6 3. d4 cxd4 4. Nxd4 d5 5. Bb5 dxe4 6. Nxc6 Qxd1+ 7. Kxd1 a6
8. Ba4 Bd7 9. Nc3 Bxc6 10. Bxc6+ bxc6 11. Nxe4 e5 12. c3 f5 13. Nd2 Bd6 14. f3
Nf6 15. Kc2 Kf7 16. Nc4 Bc7 17. Be3 Rad8 18. Rae1 Rhe8 19. h3 h6 20. Bf2 e4 21.
Bd4 Bg3 22. Ref1 exf3 23. Rxf3 Re2+ 24. Kd3 Rxg2 25. Rxf5 Kg6 26. Ne3 Rf2 27.
Rc5 Bf4 28. Rxc6 Rxb2 29. Rxa6 Rd7 30. Rf1 Bb8 31. Ng4 Kg5 32. Nxf6 gxf6 33.
Rfxf6 h5 34. Ra5+ Kh4 35. Rff5 Rh7 36. Bf6+ Kxh3 37. Rxh5+ Rxh5 38. Rxh5+ Kg4
39. Ra5 Bc7 40. Ra6 Kf5 41. Bd4 Rh2 42. a4 Ra2 43. Kc4 Ke4 44. Ra7 Bd8 45. Ra8
Bc7 46. Re8+ Kf5 47. Kb5 Rb2+ 48. Kc6 Bf4 49. a5 Ra2 50. Kb6 Rb2+ 51. Ka7 Bd2
52. a6 Rb3 53. Ka8 Bxc3 54. Bxc3 Rxc3 55. a7 1-0

[Event "25. Copenhagen Open  (Politiken Cup)"]
[Site "Copenhagen"]
[Date "2003.07.25"]
[Round "11"]
[White "Stam, Bart"]
[Black "Tuomisto, Keijo"]
[Result "1/2-1/2"]
[WhiteElo "2058"]
[BlackElo "1780"]
[PlyCount "31"]
[EventDate "2003.07.14"]
[EventType "swiss"]
[EventRounds "11"]
[EventCountry "DEN"]
[SourceDate "2004.01.01"]

1. e4 d5 2. exd5 Qxd5 3. Nc3 Qd6 4. d4 a6 5. g3 Nf6 6. Bg2 e6 7. Bf4 Qb6 8. Rb1
Bd6 9. Nge2 Nbd7 10. O-O O-O 11. Na4 Qa7 12. c4 Bxf4 13. Nxf4 e5 14. Ne2 Rb8
15. Nac3 b5 16. b3 1/2-1/2

[Event "25. Copenhagen Open  (Politiken Cup)"]
[Site "Copenhagen"]
[Date "2003.07.25"]
[Round "11"]
[White "Stolberg-Rohr, Thomine"]
[Black "Andersen, Erik Rune Egede"]
[Result "1-0"]
[WhiteElo "1773"]
[BlackElo "2109"]
[PlyCount "67"]
[EventDate "2003.07.14"]
[EventType "swiss"]
[EventRounds "11"]
[EventCountry "DEN"]
[SourceDate "2004.01.01"]

1. e4 e6 2. d3 c5 3. g3 Nc6 4. Bg2 g6 5. c3 Bg7 6. f4 d6 7. Nf3 Nge7 8. O-O O-O
9. Be3 Qc7 10. Nbd2 b6 11. d4 a5 12. Rc1 Rd8 13. Nh4 cxd4 14. cxd4 Qb8 15. f5
Nxd4 16. f6 Ba6 17. Bxd4 Bxf1 18. Qxf1 Bh8 19. Bh3 Rc8 20. Bc3 Nc6 21. Ndf3 Ne5
22. Nd4 Re8 23. Nb5 Rc8 24. Rd1 Rc6 25. Nd4 d5 26. Nxc6 Nxc6 27. exd5 exd5 28.
Bg2 Nb4 29. a3 Na6 30. Bxd5 Ra7 31. Re1 Qd8 32. Qb5 Nc7 33. Qxb6 Ra6 34. Qxc7
1-0

[Event "25. Copenhagen Open  (Politiken Cup)"]
[Site "Copenhagen"]
[Date "2003.07.25"]
[Round "11"]
[White "Taksrud, Vidar"]
[Black "Jiretorn, Eva"]
[Result "0-1"]
[WhiteElo "1914"]
[BlackElo "2146"]
[PlyCount "112"]
[EventDate "2003.07.14"]
[EventType "swiss"]
[EventRounds "11"]
[EventCountry "DEN"]
[SourceDate "2004.01.01"]

1. e4 c5 2. d4 cxd4 3. c3 d5 4. exd5 Qxd5 5. cxd4 Nc6 6. Nf3 Nf6 7. Nc3 Qd6 8.
Be2 e6 9. O-O Be7 10. Bg5 O-O 11. Bxf6 Bxf6 12. Ne4 Qe7 13. Bb5 Nb4 14. Ne5 Rd8
15. Nxf6+ Qxf6 16. a3 Nd5 17. Qf3 a6 18. Bd3 Nf4 19. Be4 g5 20. Rfd1 h5 21. g3
Nh3+ 22. Kg2 Qxf3+ 23. Bxf3 g4 24. Be2 b5 25. f4 Bb7+ 26. Kf1 f6 27. Nxg4 hxg4
28. Bxg4 Nxf4 29. gxf4 f5 30. Be2 Kf7 31. h4 Rg8 32. Rac1 Kf6 33. Rc7 Bd5 34.
Rd2 Rg3 35. Bh5 Rf8 36. Rh2 Rd3 37. Be2 Rxd4 38. h5 Rxf4+ 39. Ke1 Bc4 40. Bxc4
Rxc4 41. Ra7 Rd8 42. Re2 Rc6 43. h6 f4 44. h7 Kf5 45. Rd2 Rc1+ 46. Ke2 Rxd2+
47. Kxd2 Rh1 48. Rxa6 Rxh7 49. Rb6 Rh2+ 50. Kc3 f3 51. Rxb5+ Ke4 52. Rb4+ Ke3
53. Rb5 Re2 54. Rb8 f2 55. Re8 Kf3 56. Rf8+ Ke4 0-1